LEADER 01152nam a2200253 i 4500 001 991000884239707536 008 101011s2007 it a b 000 0dita d 035 $ab13926809-39ule_inst 040 $aDip.to Beni Arti e Storia$bita 100 1 $aZambianchi, Claudio.$0473692 245 10$aMonet e la pittura en plein air :$bCharles-François Daubigny, Eugène Boudin, Camille Pissarro, Édouard Manet, Edgar Degas, Paul Cézanne, Alfred Sisley, Frédéric Bazille, Berthe Morisot, Pierre-Auguste Renoir, Georges Seurat /$cClaudio Zambianchi. 260 $aFirenze :$bE-ducation.it,$ccop. 2007. 300 $a323 p. :$bin gran parte ill. ;$c32 cm. 440 2$aI grandi maestri dell'arte ;$v2. 500 $aIn custodia. 504 $aBibliografia : p. 321-323. 600 14$aMonet, Claude,$d1840-1926 650 04$aImpressionismo 907 $a.b13926809$b02-04-14$c11-10-10 912 $a991000884239707536 945 $aLE019 A16 AR M 2$g1$i2019000063333$lle019$op$pE16.90$q-$rl$s- $t0$u2$v0$w2$x0$y.i15181923$z11-10-10 996 $aMonet e la pittura en plein air$9249119 997 $aUNISALENTO 998 $ale019$b11-10-10$cm$da $e-$fita$git $h0$i0 LEADER 01923oas 2200733 a 450 001 9910229187603321 005 20251105213014.0 035 $a(OCoLC)315069963 035 $a(CONSER) 2010250839 035 $a(CKB)111021054528124 035 $a(EXLCZ)99111021054528124 100 $a20790621a19799999 uy 101 0 $aeng 135 $aur|nu|||||||| 181 $ctxt$2rdacontent 182 $cc$2rdamedia 183 $acr$2rdacarrier 200 10$aLabor & employment law 210 $aChicago $cSection of Labor and Employment Law of the American Bar Association 311 08$a0193-5739 517 3 $aLabor and employment law 606 $aLabor laws and legislation$zUnited States$vPeriodicals 606 $aEmployment Law$2ebps 606 $aLabor laws and legislation$2fast$3(OCoLC)fst00989967 607 $aUnited States$2fast$1https://id.oclc.org/worldcat/entity/E39PBJtxgQXMWqmjMjjwXRHgrq 608 $aNewsletters.$2fast 608 $aPeriodicals.$2fast 608 $aNewsletters.$2lcgft 615 0$aLabor laws and legislation 615 7$aEmployment Law. 615 7$aLabor laws and legislation. 676 $a344/.73/0105 712 02$aAmerican Bar Association.$bSection of Labor and Employment Law. 801 0$bAU@ 801 1$bAU@ 801 2$bCUI 801 2$bOCLCQ 801 2$bBUF 801 2$bOCLCE 801 2$bOCLCA 801 2$bOCLCF 801 2$bOCLCO 801 2$bOCLCQ 801 2$bWT2 801 2$bOCLCO 801 2$bOCL 801 2$bOCLCQ 801 2$bUUM 801 2$bOCLCQ 801 2$bOCLCO 801 2$bAU@ 801 2$bVT2 801 2$bOCLCO 801 2$bOCLCQ 801 2$bOCLCO 801 2$bLDP 801 2$bOCLCQ 801 2$bOCLCL 801 2$bUEJ 801 2$bOCLCQ 906 $aJOURNAL 912 $a9910229187603321 996 $aLabor & employment law$92222783 997 $aUNINA